Estadísticas para Prueba de Zambia

Haz click aquí para tomar la prueba!

Estadísticas generales

  • Esta prueba ha sido tomada 123 veces
  • La puntuación promedio es 12 de 18

Estadísticas de respuestas

PistaRespuesta% Correcto
País limítrofe cuyo nombre también empieza con ZZimbabue
96%
El país más grande que limita con ZambiaRepública Democrática del Congo
95%
Idioma oficialInglés
95%
Grandes cascadas compartidas con ese paísCataratas {Victoria}
91%
El país más pequeño que limita con ZambiaMalaui
90%
En 2014, Guy Scott llegó a ser brevemente en la primera persona ______ en dirigir un país del África subsahariana desde F. W. de Klerk en 1994Blanca
78%
El río que da nombre al paísZambeze
77%
CapitalLusaka
75%
Nombre colonial de Zambia{Rodesia} del Norte
72%
El metal que constituye la mayoría de las exportaciones de ZambiaCobre
72%
El ave nacional que aparece en la bandera{Águila} pescadora africana
65%
El explorador escocés que fue el primer europeo en ver esas cataratasDavid Livingstone
58%
El tercer lago más grande del mundo que Zambia comparte con otros tres paísesLago Tanganica
50%
Por capacidad, el lago Kariba es el lago ____ más grande del mundoArtificial
40%
Grupo de personas que emigraron a la zona alrededor
del año 300 d.C., desplazando a la población nativa Khoisan
Bantu
38%
Moneda de ZambiaKwacha
37%
Nombra uno de los cinco idiomas nativos más hablados de ZambiaBemba | Nyanja | Tonga | Lozi | Chewa
32%
Dictador de Zambia de 1964 a 1991, sigue vivo hoy en día a la edad de 96 añosKenneth {Kaunda}
31%

Distribución de puntuación

Porcentaje por número respondido

Porcentaje de gente con cada puntuación

Historial de tus puntuaciones

No has tomado esta prueba